000 00852nam a22002417a 4500
005 20080623142426.0
008 080618t xxu||||| |||| 00| 0 eng d
010 _aENG-90376
020 _c350.00
035 _aEN-73909
037 _bDBAD / VEN
040 _aDPL
_bEN
082 _a954.09
100 _aGundevia, Y.D.
245 _aOutside the archives /
_cby Y.D. Gundevia
260 _aHyderabad
_bSangam Books
_c2008(repr)
260 _bOrient Longman
270 _a3-6-747/1/A, 3-6-754/1, Himayatnagar,
_bHyderabad
_e500029
300 _aviii,437p.:
_c23 cm (pbk)
_bb&w photos
500 _aIncludes index
942 _cEN
_h954.09
_2ddc
_mGUN
999 _c13870
_d13870